000 01309cam a22002653a 4500
001 26491
003 PGUSA
005 20140828083554.0
008 080830s2008||||xxu|||||s|||||000 1 eng d
040 _aPGUSA
_beng
042 _adc
050 4 _aPT
100 1 _aAndersen, H. C.
_q(Hans Christian),
_d1805-1875
245 1 4 _aThe Sand-Hills of Jutland
_h[electronic resource] /
_cH. C. Andersen
260 _bProject Gutenberg,
_c2008
500 _aTranslation of En historie fra klitterne.
505 0 _aThe sand-hills of Jutland -- The mud-king's daughter -- The quickest runners -- The bell's hollow -- Soup made of a sausage stick -- The neck of a bottle -- The old bachelor's nightcap -- Something -- The old oak tree's last dream -- The wind relates the story of Waldemar Daae and his daughters -- The girl who trod upon bread -- Olé, the watchman of the tower -- Anne Lisbeth; or The apparition of the beach -- Children's prattle -- A row of pearls -- The pen and the inkstand -- The child in the grave -- Charming.
506 _aPublic domain in the USA.
516 _aElectronic text
653 _aDenmark -- Social life and customs -- Fiction
700 1 _aBushby,
_cMrs
_q(Anna S.)
830 0 _aProject Gutenberg
_v26491
856 4 0 _uhttp://www.gutenberg.org/ebooks/26491
942 _cEB
999 _c255746
_d255746